Internet /

Gespeichert in:
Bibliographische Detailangaben
1. Verfasser: Kennedy, Angus J.
Körperschaft: Wydawnictwo Pascal
Weitere Verfasser: Białko, Joanna (Tłumaczenie), Fraś, Piotr (Tłumaczenie), Goraj, Piotr (Tłumaczenie)
Format: Buch
Sprache:Polnisch
Englisch
Veröffentlicht: Bielsko-Biała : "Pascal", 1999.
Schriftenreihe:Praktyczny Przewodnik (Wydawnictwo Pascal)
Schlagworte:
Tags: Tag hinzufügen
Keine Tags, Fügen Sie das erste Tag hinzu!

MARC

LEADER 00000nam a2200000 i 4500
001 991022790379705066
005 20260515140227.0
008 040309s1999 pl a |001 0 pol
020 |a 8387696617 
035 |a 991022790379705066 
035 |a (PL-WaBN)b1615034x-48omnis_nlop 
035 |a b1615034x 
035 |a (OCoLC)891190332 
035 |a (PL)b0000001615034 
035 |a (EXLNZ-48OMNIS_NETWORK)9910347343605606 
040 |a WA N  |c WA N  |d KR U  |d WA N  |d KR U 
041 1 |a pol  |h eng 
080 |a 004.738.5 
090 |c 96  |d 95 
100 1 |a Kennedy, Angus J. 
245 1 0 |a Internet /  |c Angus J. Kennedy ; [tł. Joanna Białko, Piotr Fraś, Piotr Goraj]. 
246 1 |i Tyt. oryg.:  |a Internet 
260 |a Bielsko-Biała :  |b "Pascal",  |c 1999. 
300 |a 592 s. :  |b il., fot., rys. ;  |c 15 cm. 
490 1 |a Praktyczny Przewodnik 
500 |a Tyt. oryg.: "The Internet". 
504 |a Indeks. 
650 7 |a Internet 
700 1 |a Białko, Joanna  |e Tłumaczenie 
700 1 |a Fraś, Piotr  |e Tłumaczenie 
700 1 |a Goraj, Piotr  |e Tłumaczenie 
710 2 |a Wydawnictwo Pascal 
830 0 |a Praktyczny Przewodnik (Wydawnictwo Pascal) 
920 |a 83-87696-61-7 : zł 10 
942 |c K 
952 |0 0  |1 0  |4 0  |6 R__80_000000000000000  |7 0  |9 93  |a RYT  |b RYT  |d 2026-05-12  |e 1/2014  |g 10.00  |l 0  |o R.80  |p 2000000000800  |r 2026-05-15 14:02:27  |w 2026-05-15  |y BK  |z da 
999 |c 93  |d 93